Държавите в света - Statistics

General Stats
  • This quiz has been taken 109 times
  • The average score is 122 of 196
Answers on the Map
Answers color-coded by a green-red scale on the quiz's map according to % correct below.
 
Answer Stats
Country % Correct
Бразилия
98%
България
98%
Мексико
98%
Канада
96%
Русия
96%
Турция
96%
Австралия
94%
Китай
94%
Германия
94%
Италия
94%
Испания
94%
САЩ
94%
Франция
92%
Гърция
92%
Украйна
92%
Аржентина
90%
Австрия
90%
Индия
90%
Япония
90%
Полша
90%
Румъния
90%
Сърбия
90%
Естония
88%
Иран
88%
Ирак
88%
Северна Македония
88%
Португалия
88%
Швеция
88%
Великобритания
88%
Албания
86%
Чехия
86%
Северна Корея
86%
Южна Корея
86%
Беларус
84%
Чили
84%
Колумбия
84%
Дания
84%
Ирландия
84%
Нидерландия
84%
Перу
84%
Словакия
84%
Швейцария
84%
Ватикана
84%
Финландия
82%
Латвия
82%
Норвегия
82%
Босна и Херцеговина
80%
Исландия
80%
Литва
80%
Мадагаскар
80%
Молдова
80%
Мароко
80%
Словения
80%
Белгия
78%
Хърватия
78%
Кипър
78%
Египет
78%
Лихтенщайн
78%
Монголия
78%
Черна гора
78%
Нигер
78%
Андора
76%
Боливия
76%
Унгария
76%
Казахстан
76%
Косово
76%
Нигерия
76%
Оман
76%
Пакистан
76%
ЮАР
76%
Тайланд
76%
Алжир
73%
Армения
73%
Индонезия
73%
Израел
73%
Йордания
73%
Нова Зеландия
73%
Филипини
73%
Конго
73%
Узбекистан
73%
Афганистан
71%
Грузия
71%
Либия
71%
Малта
71%
Сан Марино
71%
Саудитска Арабия
71%
Виетнам
71%
Йемен
71%
Куба
69%
Еквадор
69%
Малдиви
69%
Судан
69%
Уругвай
69%
Азербайджан
67%
Етиопия
67%
Катар
67%
Тунис
67%
ОАЕ
67%
Чад
65%
Люксембург
65%
Монако
65%
Панама
65%
Парагвай
65%
Туркменистан
65%
Камбоджа
63%
Ангола
61%
Ямайка
61%
Лаос
61%
Сирия
61%
Зимбабве
61%
Бангладеш
59%
Непал
59%
Венецуела
59%
Замбия
59%
Доминика
57%
Гвинея
57%
Кувейт
57%
Таджикистан
57%
Гана
55%
Кения
55%
Ливан
55%
Мали
55%
Сингапур
55%
Шри Ланка
55%
Малайзия
53%
Сомалия
53%
Танзания
53%
Бахрейн
51%
Бутан
51%
Мианмар
51%
Киргизстан
51%
Еритрея
49%
Хондурас
49%
Либерия
49%
Намибия
49%
Никарагуа
49%
Коста Рика
47%
Доминиканска република
47%
Гватемала
47%
Гаяна
47%
Сенегал
47%
Южен Судан
47%
Суринам
47%
Бруней
45%
ДР Конго
45%
Фиджи
45%
Мавритания
45%
Тайван
45%
Уганда
45%
Ботсвана
43%
Джибути
43%
Екваториална Гвинея
43%
Габон
43%
Лесото
43%
Мозамбик
43%
Барбадос
41%
Камерун
41%
Хаити
41%
Папуа Нова Гвинея
41%
Сейшели
41%
Бахами
39%
Буркина Фасо
39%
Кот д'Ивоар
39%
Източен Тимор
39%
Кирибати
39%
ЦАР
37%
Салвадор
37%
Белиз
35%
Мавриций
35%
Науру
33%
Палау
33%
Того
33%
Антигуа и Барбуда
31%
Бенин
31%
Гамбия
31%
Малави
31%
Руанда
31%
Есватини
31%
Тонга
31%
Бурунди
29%
Микронезия
29%
Сао Томе и Принсипи
27%
Соломонови острови
27%
Комори
24%
Гвинея Бисау
24%
Сейнт Лусия
24%
Самоа
24%
Тринидад и Тобаго
24%
Сиера Леоне
22%
Маршали
20%
Сейнт Китс и Невис
20%
Вануату
20%
Кабо Верде
18%
Гренада
16%
Тувалу
16%
Сейнт Винсънт и Гренадини
14%
No matching quizzes found
Score Distribution
Percent of People with Each Score
Percentile by Number Answered
Your Score History
You have not taken this quiz